Arcade Games By Description - Statistics

General Stats
  • This quiz has been taken 44 times
  • The average score is 6 of 10
Answer Stats
Hint Answer % Correct
Yellow ball eats pellets chased by ghosts Pac-man
98%
Plumber tries to save girlfriend from giant monkey. Donkey Kong
95%
Each fighter has unique abilities as they brawl it out. Street Fighter
85%
As a frog, cross the road. Frogger
78%
Hit a ball to the other player with a "paddle." Pong
70%
Fight aliens that come in rows! Space Invaders
70%
Blow up asteroids while avoding enemy ships. Asteroids
65%
Figh spaceship-stealing aliens! Galaga
60%
Push ice-blocks to crush enemies! Pengo
13%
Throw bombs in holes! Bomb-Jack
5%
No matching quizzes found
Score Distribution
Percent of People with Each Score
Percentile by Number Answered
Your Score History
You have not taken this quiz